| 000 | 00438cam a2200193ua 4500 | ||
|---|---|---|---|
| 001 | 6649 | ||
| 005 | 20260515114100.0 | ||
| 008 | 140308n ii |||gr||||Z||||||eng | ||
| 040 | _cMAIN | ||
| 082 | _a512 | ||
| 245 |
_aHigher Algebra _cBy B. Das |
||
| 250 | _a13th ed. | ||
| 260 |
_aCalcutta: _bAsoke prakasan, _c2003. |
||
| 300 | _ax,71p. | ||
| 653 | _aAlgebra | ||
| 653 | _aHigher Algebra | ||
| 700 |
_aDas,B., _eAuthor. |
||
| 942 | _cBK | ||
| 999 |
_c5793 _d5793 |
||